000 00489nab a2200145Ia 4500
003 ES-SlBCS
005 20220109124115.0
008 140529s1979 xxu||||| |||| 00| 0 spa d
041 _aspa
100 1 _aLeguina, Joaquín
_9233520
245 0 0 _aAlgunas precisiones en torno a la terminología demográfica
_c Joaquín Leguina
650 0 4 _aTerminología Demográfica
_9316375
773 0 _tRevista Internacional de Sociologia
_gvol. 37, nº. 32, 1979, págs. 493-524
_wRev1355
942 _cAR
999 _c729444
_d729444